000 00760nam a22001937a 4500
999 _c18219
_d18219
005 20200212111815.0
008 160316s ck bo fr|||| 00| 0 spa d
040 _aCO-BoIAVH
_cCO-BoIAVH
041 0 _aspa
044 _ack
090 _aFH-
_b0050
245 0 0 _aInsumos para la delimitación de ecosistemas estratégicos :
_bPáramos y humedales
260 _a[Bogotá?] :
_bInstituto de Investigación de Recursos Biológicos Alexander von Humboldt,
_c[2012?].
300 _a1 plegable :
_bmapas y fotografías a color ;
_c30 x 22 centímetros
650 4 _aPáramos
_xdelimitación
650 4 _aHumedales
_xdelimitación
710 2 _aInstituto de Investigación de Recursos Biológicos Alexander von Humboldt.
942 _2ddc
_cFolleto